000 01229nam a22002297a 4500
999 _c60444
_d60444
003 Ge_BSU
005 20230719145616.0
008 230719s2023ge xxu||||| |||| 00| 0 geo d
020 _a9789941853340
041 _ageo
080 _a332.145+338.27 უ-18
100 _aუგულავა, გოჩა
_919441
245 _aტერიტორიული ეკონომიკური განვითარების სტრატეგიული დაგეგმვა
_c[მონოგრაფია] /
_bგოჩა უგულავა, რედ. ნიკოლოზ ჩიხლაძე.
264 _aთბილისი :
_cივერიონი,
_b2023.
300 _a219 გვ.:
_b22 სმ.
504 _aბიბლიოგრაფ.გვ: 204-218
546 _aრეზ.ინგ.ენაზე
653 _aტერიტორიული ეკონომიკური განვითარების სტრატეგიული დაგეგმვა
700 _aჩიხლაძე, ნიკოლოზ
_eრედაქტორი
_9107
710 _aქუთაისის უნივერსიტეტი
_919442
942 _2udc
_cBK